| 000 | 00557nam a2200229Ia 4500 | ||
|---|---|---|---|
| 005 | 20250425160747.0 | ||
| 008 | 250425s9999 xx 000 0 und d | ||
| 020 | _a8449305837 | ||
| 041 | _aspa | ||
| 082 | _a658.8 | ||
| 100 | _aGELLER, LOIS K. | ||
| 245 | 0 | _aRESPUESTAS: UNA GUIA COMPLETA DEL MARKETING DIRECTO EFECTIVO | |
| 250 | _a1A ED. | ||
| 260 | _aBARCELONA | ||
| 260 |
_aEspaƱa _bPAIDOS _c1996 |
||
| 300 | _a367 | ||
| 650 | _aCLIENTES | ||
| 650 | _aESTRATEGIAS DE DESARROLLO | ||
| 650 | _aMARKETING | ||
| 942 | _c01 | ||
| 010 | _a4630 | ||
| 999 |
_c195603 _d195603 |
||